| 000 | 006460000a22001690004500 | ||
|---|---|---|---|
| 003 | MACL | ||
| 005 | 20160227135816.0 | ||
| 008 | 160227b xxu||||| |||| 00| 0 eng d | ||
| 040 |
_aMACL _cMACL |
||
| 041 | _aHindi | ||
| 082 | _a800 | ||
| 100 |
_aप्रो कृष्णनारायण वशिष्ट कमलेश _940940 |
||
| 245 | _aधर्मवीर भारती एवं कमलेशवर की कहानियॉ एक तुलनात्मक अध्ययन | ||
| 260 |
_bबुक सैण्टर _c1981 _aमथुरा |
||
| 650 |
_aLiteracture _939932 |
||
| 942 |
_cHIN _k800 _2ddc |
||
| 999 |
_c28125 _d28125 |
||